000 00623nam a22001937a 4500
003 OSt
005 20260425013052.0
008 260425b |||||||| |||| 00| 0 eng d
020 _a981-240-263-2
040 _aDWCL-Main lib.
_cOV
082 _aCirc. 621.31042 C197e 2000
100 _aCarlson, Bruce A.
245 _aCircuits: Engineering concepts and analysis of linear electric circuits/
_cBruce A. Carlson
260 _aPacific Groove :
_bThomson Learning,
_cc2000
300 _axx, 840 pages ;
_c 25 centimeters.
504 _aInclude index.
650 _aElectric circuits
942 _2ddc
_cBK-CIRC
_hCirc.
_n0
999 _c9876
_d9876